000 00804nam a2200253 a 4500
001 BRL_1597
005 20190320211259.0
008 090414s1999----mx-o######---#000-0#spa-#
020 _a9685011087
041 _aspa
044 _amx
050 4 _aTX716
_b.V47 1999
245 1 0 _aVerde en la cocina mexicana
_cpresentación Laura Esquivel ; investigación, recetas y textos Chef Ricardo Muñoz Zurita ; fotografía Ignacio Urquiza.
260 _aMéxico
_bFundación Herdez
_c1999
300 _a325 p.
_bil., fotografía (a color)
_c31 cm.
500 _aAu869
504 _aBibliografía: p. 322
650 1 4 _aCocina mexicana
_927391
700 1 _aEsquivel, Laura
_927392
700 1 _aUrquiza, Ignacio
_eil.
_927393
700 1 _aMuñoz Zurita, Ricardo
_927394
902 _aGRL
942 _2lcc
_cB
999 _c10406
_d10406